All The Kid LAROI. Songs - Statistics

General Stats
  • This quiz has been taken 466 times
    155 since last reset
  • The average score is 34 of 82
Answer Stats
Album Song % Correct
F*CK LOVE Stay
78%
F*CK LOVE Without You
70%
THE FIRST TIME NIGHTS LIKE THIS
69%
F*CK LOVE Go
68%
THE FIRST TIME BLEED
63%
THE FIRST TIME THOUSAND MILES
61%
THE FIRST TIME BABY I'M BACK
60%
THE FIRST TIME SORRY
59%
THE FIRST TIME GIRLS
58%
THE FIRST TIME WHAT JUST HAPPENED
56%
F*CK LOVE F*ck You, Goodbye
55%
THE FIRST TIME TOO MUCH
54%
THE FIRST TIME NIGHTS LIKE THIS PT 2
52%
THE FIRST TIME LOVE AGAIN
51%
F*CK LOVE Pikachu
51%
THE FIRST TIME HEAVEN
50%
14 WITH A DREAM. Blessings
49%
Single #3 Diva
49%
Barbie The Album Forever & Again
49%
F*CK LOVE Tell Me Why
49%
THE FIRST TIME WHERE DOES YOUR SPIRIT GO?
49%
THE FIRST TIME I THOUGHT THAT I NEEDED YOU
48%
F*CK LOVE So Done
48%
THE FIRST TIME THE LINE
48%
THE FIRST TIME WHAT'S THE MOVE?
48%
THE FIRST TIME YOU
48%
THE FIRST TIME WHERE DO YOU SLEEP?
47%
F*CK LOVE Selfish
46%
F*CK LOVE Always Do
45%
THE FIRST TIME PICK SIDES
45%
F*CK LOVE Wrong
45%
THE FIRST TIME CALL ME INSTEAD
44%
THE FIRST TIME DESERVE YOU
44%
F*CK LOVE Maybe
44%
THE FIRST TIME TEAR ME APART
44%
THE FIRST TIME WHAT WENT WRONG???
44%
THE FIRST TIME KIDS ARE GROWING UP
43%
F*CK LOVE Not Sober
43%
THE FIRST TIME HATRED
42%
F*CK LOVE Not Fair
42%
F*CK LOVE Running
42%
Single #14 APEROL SPRITZ
41%
F*CK LOVE Feel Something
41%
Single #2 Let Her Go
41%
F*CK LOVE Over You
41%
THE FIRST TIME STRANGERS (Interlude)
41%
THE FIRST TIME STRANGERS PT 2 (Interlude)
41%
F*CK LOVE Erase U
40%
F*CK LOVE Tragic
40%
Single #11 I GUESS IT'S LOVE?
39%
THE FIRST TIME STICK WITH ME
39%
F*CK LOVE Attention
38%
F*CK LOVE Don't Leave Me
38%
F*CK LOVE Need You Most (So Sick)
38%
F*CK LOVE I Don't Know
37%
F*CK LOVE Booty Call
36%
Single #6 Fade Away
36%
F*CK LOVE I Wish
36%
F*CK LOVE Same Thing
36%
Single #15 SLOW IT DOWN
36%
F*CK LOVE Lonely and F*cked Up
35%
F*CK LOVE Still Chose You
35%
Single #4 Addison Rae
34%
Single #13 Still Yours (From The Doc)
34%
THE FIRST TIME YOU NEVER FORGET YOUR FIRST TIME...
34%
F*CK LOVE About You
33%
F*CK LOVE Best for Me
33%
F*CK LOVE Same Energy
33%
F*CK LOVE Situation
33%
F*CK LOVE Bad News
32%
Single #7 Reminds Me of You
32%
F*CK LOVE Bathroom
31%
Single #10 I Can't Go Back to the Way It Was (Intro)
30%
F*CK LOVE Wish You Well
28%
F*CK LOVE New Guy
26%
Single #9 Paris to Tokyo
26%
Single #5 Go Dumb
24%
14 WITH A DREAM. Boss Up
19%
14 WITH A DREAM. LATELY
17%
14 WITH A DREAM. GO GET IT
16%
14 WITH A DREAM. Dissconect
7%
Single Winning
7%
No matching quizzes found
Score Distribution
Percent of People with Each Score
Percentile by Number Answered
Your Score History
You have not taken this quiz since the last reset